Negocios con China: TLC Chile-China
Guardat en:
| Autor principal: | |
|---|---|
| Format: | Llibre |
| Idioma: | espanyol |
| Publicat: |
Valparaíso
Alba
2007
|
| Matèries: | |
| Etiquetes: |
Afegir etiqueta
Sense etiquetes, Sigues el primer a etiquetar aquest registre!
|
MARC
| LEADER | 00000nam a2200000 a 4500 | ||
|---|---|---|---|
| 001 | UCI8210 | ||
| 003 | CL-VaPUC | ||
| 008 | 080813e20070000CL |||||||||||||||||spa|d | ||
| 020 | |a 9789563191394 | ||
| 082 | 0 | 4 | |a 382.4 |b FAJ |2 21 |
| 100 | 0 | |a Fajardo Valenzuela, Víctor |e author |9 531719 | |
| 245 | 1 | 0 | |a Negocios con China: TLC Chile-China |
| 300 | |a 245 p | ||
| 942 | |c BK | ||
| 945 | |d 20080813 00:00:00 |a jtorresc | ||
| 260 | |a Valparaíso |b Alba |c 2007 | ||
| 650 | 7 | |a COMERCIO INTERNACIONAL |2 CL-VaPUC |9 531720 | |
| 650 | 0 | |a Finanzas internacionales |9 255570 | |
| 650 | 7 | |a TRATADO DE LIBRE COMERCIO |2 CL-VaPUC |9 459490 | |
| 651 | 0 | |a China |9 257545 | |
| 651 | 7 | |a CHILE |2 CL-VaPUC |9 531721 | |
| 583 | |a last modification |c 20080813 00:00:00 |k Rodrigo Vera | ||
| 999 | |c 331231 |d 331229 | ||
| 952 | |0 0 |1 0 |4 0 |6 382_400000000000000_FAJ_2007 |7 0 |8 A |9 417488 |a BIBGIM |b BIBGIM |d 2019-11-22 |i 4471938 |o 382.4 FAJ 2007 |p 4471938 |r 2025-01-15 |w 2019-11-22 |y BK |k GIM | ||